| 000 | 00438nam a2200157 a 4500 | ||
|---|---|---|---|
| 001 | 000010724 | ||
| 005 | 20200929162300.0 | ||
| 008 | 091009s1989 dr a 000 0 spa d | ||
| 040 | _aDO-SdBNP | ||
| 082 |
_axxx _bJ828c |
||
| 245 | 0 | 0 |
_aJornadas cardiológicas / _cCarlos Lamarche Rey... [et al.]. |
| 260 |
_aSanto Domingo : _bDel Caribe, _c1989. |
||
| 300 |
_a485 p. : _bil. ; _c23 cm. |
||
| 500 | _aIncluye bibliografía | ||
| 049 | _aBNPD | ||
| 999 |
_c10479 _d10479 |
||